000 00983nam a2200289 i 4500
003 DO-SdBNP
005 20230511144430.0
007 ta
008 210415b2013 dr ||||| |||| 00| 0 spa d
040 4 _aDO-SdBNP
_bspa
_cBNPHU
_erda
082 4 _a262.12
_bR789c
_222
100 _aRosa y Carpio, Ramón de la,
_92173
_d1939
_eArzobispo
245 1 3 _aEl camino neocatecumental /
_cRamón de la Rosa y Carpio
250 _aRafael Bello Peguero, Pbro.
264 _aSanto Domingo :
_bAmigo del Hogar,
_c2013.
300 _a15 páginas :
_c21 cm.
336 _2rdacontent
_atexto
_btxt
337 _2rdamedia
_asin mediación
_bn
338 _2rdacarrier
_avolumen
_bnc
500 _aTomado de El Caribe. Sabado 31 de agosto 2013, pagina 9, Santo Domingo, República Dominicana.
590 _aInventariado, 2021 / SA
650 4 _91307
_aIglesia Católica
650 4 _aArzobispo
_zRepública Dominicana
_978755
650 1 _xEclesiologia
_978756
910 _aSaquino
942 _2ddc
_cLF2
999 _c49742
_d49742